Materials' prices rocket on back of high energy costs (Record no. 80892)

MARC details
000 -LEADER
fixed length control field 00960cab a22001815a 4500
001 - CONTROL NUMBER
control field L145601
008 - FIXED-LENGTH DATA ELEMENTS--GENERAL INFORMATION
fixed length control field 081024e20081009xxkdo f s 000 0 eng d
035 ## - SYSTEM CONTROL NUMBER
System control number (Sirsi) u145601
041 0# - LANGUAGE CODE
Language code of text/sound track or separate title eng
100 1# - MAIN ENTRY--PERSONAL NAME
Personal name Spackman, Juliet
245 00 - TITLE STATEMENT
Title Materials' prices rocket on back of high energy costs
260 ## - PUBLICATION, DISTRIBUTION, ETC.
Date of publication, distribution, etc. 2008
490 ## - SERIES STATEMENT
Series statement Construction News
Volume/sequential designation (7089) 9 October 2008, 20-21 (2)
520 ## - SUMMARY, ETC.
Summary, etc. Reports the continuing rise in material prices, stating that contractor's input costs have increased by 7.2% since June 2008 and jumped by 14.3% over the year. The higher than average costs have largely been caused by increases in the cost of oil, a strong international demand, and the continued weakness of the pound. Labour rates are 20% higher in London than in Northern Ireland. Suggests that the construction industry is currently relying on public sector spending.
651 #4 - SUBJECT ADDED ENTRY--GEOGRAPHIC NAME
Geographic name United Kingdom
Chronological subdivision
690 ## - LOCAL SUBJECT ADDED ENTRY--TOPICAL TERM (OCLC, RLIN)
Topical term or geographic name as entry element BUILT ENVIRONMENT-BUILDING COSTS
942 ## - ADDED ENTRY ELEMENTS (KOHA)
Suppress in OPAC 0
Holdings
Withdrawn status Lost status Source of classification or shelving scheme Damaged status Not for loan Home library Current library Shelving location Date acquired Total Checkouts Full call number Barcode Date last seen Copy number Price effective from Koha item type
    Dewey Decimal Classification     London London Journal article 24/10/2008   L145601 145601-1001 06/08/2019 1 06/08/2019 Journal article